000 00547cam a2200193 a 4500
020 _a2738400337
040 _cDLC
082 0 0 _a338 CET 1988 C150 Or.
100 1 _aArroyo, Gonzalo.
245 1 0 _aAgro-industrie et développement :
_ble cas du Mexique /
260 _aParis :
_bC.E.T.R.A.L. :
_bL'Harmattan,
_cc1988.
300 _a175 p. ;
_c22 cm.
490 1 _aCollection CETRAL-L'Harmattan
650 0 _aAgriculture
650 0 _aFood industry and trade
650 0 _aAgricultural biotechnology
650 0 _aAgriculture
942 _cAEDBB
999 _c18669
_d18669